| 000 | 00445nam a2200145 a 4500 | ||
|---|---|---|---|
| 001 | 1593 | ||
| 003 | CDMR | ||
| 005 | 20130221182021.0 | ||
| 008 | 130130s1991||||||||||||||||||||||||||||d | ||
| 040 |
_aCDMR _bcat _cCDMR |
||
| 111 | 2 |
_aSeminari de Telecomunicacions per a Periodistes _cBarcelona _d1991 _n2on _91198 |
|
| 245 | 1 | 0 | _aII Seminari de Telecomunicacions per a Periodistes |
| 260 |
_aBarcelona _c1991 _bTelefónica _bFUNDESCO _bCPC |
||
| 942 |
_cMON _2ddc |
||
| 999 |
_c1593 _d1593 |
||